| 000 | 00691nam a2200229 i 4500 | ||
|---|---|---|---|
| 001 | 92064 | ||
| 003 | ES-MaACL | ||
| 005 | 20260616130211.0 | ||
| 007 | t| | ||
| 008 | 050331s1993 fr ||||1| fre d | ||
| 020 | _a2-86959-173-X | ||
| 080 | _a821.14-14"-08" | ||
| 100 | 0 |
_aHomero _964112 |
|
| 245 | 1 | 4 |
_aDes héros et des dieux _b: (hymnes) / _cHomère ; traduit du grec, présenté et annoté par François Rosso. |
| 260 |
_a[S.l.] : _bArléa, _c[1993] |
||
| 300 |
_a187 p. ; _c21 cm. |
||
| 490 | 1 | _aRetour aux grands textes | |
| 700 | 1 |
_aRosso, François. _999904 |
|
| 830 | 0 |
_aRetour aux grands textes _9232025 |
|
| 852 |
_aES-MaACL _jE-10896 _bR.135731 |
||
| 999 |
_c92064 _d92064 |
||